LDR 00828naa#a2200181#i#450# 001 EN\\bibl\20301 005 20260701234137.3 100 ## _a20260630b2026####ek#y0engy0150####ca 102 ## _aRU 200 1# _aDEVELOPMENT AND ANALYSIS OF SYSTEMS FOR PREDICTABLE MONITORING OF MICROELECTRONIC COMPONENTS _eConference article/thesis 210 1# _aVoronezh _cFSBE Institution of Higher Education Voronezh State University of Forestry and Technologies named after G.F. Morozov _d2026 215 ## _a2 с. 608 ## _aConference article/thesis _2local 675 ## _aЭлектронные элементы, использующие свойства твердого тела. Полупроводниковая электроника. 621.382 _z 700 #1 _aDrozdov _gD. S. 700 #1 _aAvilova _gO. A. 700 #1 _aOhrimenko _gD. M. 856 4# _abibl.vgltu.ru _u